| 000 | 01144nam a2200289 i 4500 | ||
|---|---|---|---|
| 001 | 150522 | ||
| 003 | ES-MaACL | ||
| 005 | 20251002163224.0 | ||
| 007 | t| | ||
| 008 | 071031s1946 sp |||| |dspa d | ||
| 080 | _a929 Valera, Juan | ||
| 080 | _a929 Menéndez y Pelayo, Marcelino | ||
| 100 | 1 |
_aValera, Juan, _d1824-1905 _9112638 |
|
| 245 | 1 | 0 |
_aEpistolario de Valera y Menéndez Pelayo, 1877-1905 / _ccon una introducción de Miguel Artigas Ferrando y Pedro Sáinz y Rodríguez. |
| 260 |
_aMadrid : _bEspasa-Calpe, _c[1946] |
||
| 300 |
_a620 p. ; _c23 cm. |
||
| 490 | 1 | _aPublicaciones de la Sociedad Menéndez Pelayo | |
| 600 | 1 | 4 |
_aValera, Juan, _d1824-1905- _vCorrespondencia _9112640 |
| 600 | 1 | 0 |
_aMenéndez y Pelayo, Marcelino, _d1856-1912- _xCorrespondencia _9176606 |
| 700 | 1 |
_aMenéndez y Pelayo, Marcelino. _9242304 |
|
| 700 | 1 |
_aArtigas Ferrando, Miguel, _d1887-1947 _923471 |
|
| 700 | 1 |
_aSainz Rodríguez, Pedro, _d1898-1986 _9101608 |
|
| 710 | 2 |
_aSociedad Menéndez Pelayo _96793 |
|
| 830 | 1 |
_aPublicaciones de la Sociedad Menéndez Pelayo _9221150 |
|
| 852 | 4 |
_aES-MaACL _jE-1970 |
|
| 999 |
_c150522 _d150522 |
||